[Event "Dortmund Sparkassen op-B"]
[Site "Dortmund"]
[Date "2014.07.16"]
[Round "5"]
[White "Gegner, Michael"]
[Black "Zannoni, Rudolf"]
[Result "1-0"]
[WhiteElo "1457"]
[BlackElo "1564"]
[PlyCount "95"]
[EventDate "2014.07.12"]
[EventType "swiss"]
[EventRounds "9"]
[EventCountry "GER"]
[SourceTitle "EXT 2022"]
[Source "ChessBase"]
[SourceDate "2021.10.06"]
[SourceVersion "1"]
[SourceVersionDate "2021.10.06"]
[SourceQuality "1"]

1. d4 Nf6 2. Nc3 d5 3. e4 Nxe4 4. Nxe4 dxe4 5. c3 e6 6. f3 exf3 7. Nxf3 Nc6 8. Bd3 Be7 9. 0-0 h6 10. Qe1 Bf6 11. Bf4 Nxd4 12. cxd4 Bxd4+ 13. Nxd4 Qxd4+ 14. Qe3 Qxe3+ 15. Bxe3 0-0 16. Rf3 b6 17. Rg3 g5 18. h4 f6 19. hxg5 hxg5 20. Kf2 Bb7 21. Rf1 Kg7 22. Ke2 Kf7 23. Bxg5 Ke7 24. Bh4 Rad8 25. Rg7+ Kd6 26. Bxf6 Rg8 27. g4 Rxg7 28. Bxg7 Rg8 29. Rf7 Bd5 30. Bh7 Rd8 31. Bf6 Rd7 32. Rxd7+ Kxd7 33. a3 Kd6 34. g5 e5 35. Ke3 Ke6 36. Bg8+ Kd6 37. Bxd5 Kxd5 38. g6 Ke6 39. g7 Kf7 40. Bxe5 c6 41. Kd4 a6 42. b4 Kg8 43. Ke4 Kf7 44. Kf5 c5 45. bxc5 bxc5 46. Kg5 c4 47. Kh6 Kg8 48. a4 1-0

[Event "Werden op"]
[Site "Essen"]
[Date "2005.06.17"]
[Round "6"]
[White "Zannoni, Rudolf"]
[Black "Noelle, Volker"]
[Result "0-1"]
[WhiteElo "1232"]
[BlackElo "1908"]
[PlyCount "108"]
[EventDate "2005.05.20"]
[EventType "swiss"]
[EventRounds "7"]
[EventCountry "GER"]
[SourceTitle "EXT 2007"]
[Source "ChessBase"]
[SourceDate "2006.11.23"]
[SourceVersion "1"]
[SourceVersionDate "2006.11.23"]
[SourceQuality "1"]

1. e4 d5 2. exd5 Nf6 3. Bb5+ c6 4. dxc6 bxc6 5. Bc4 Bg4 6. f3 Bf5 7. Nc3 e6 8. Nge2 Bd6 9. d3 Qc7 10. g3 Nbd7 11. d4 h5 12. Bf4 e5 13. Bg5 Nb6 14. Bb3 Be7 15. dxe5 Rd8 16. Qc1 Qxe5 17. Bf4 Qc5 18. Be3 Qd6 19. Na4 Nxa4 20. Bxa4 Qb4+ 21. Nc3 Bd7 22. 0-0 Nd5 23. Nxd5 cxd5 24. Bb3 Qb7 25. a3 h4 26. g4 h3 27. Qe1 Kf8 28. Rd1 Bb5 29. Rf2 Kg8 30. Rfd2 d4 31. Bf4 Bh4 32. Qe4 Bc6 33. Bxf7+ Kxf7 34. Qf5+ Kg8 35. Qe6+ Kh7 36. g5 Rhf8 37. g6+ Kh8 38. Qg4 Rxf4 39. Qh5+ Kg8 40. Qh7+ Kf8 41. Qh8+ Ke7 42. Qxg7+ Ke8 43. Re2+ Be7 44. Rde1 Rd7 45. Qh7 Kd8 46. g7 Bd5 47. Qh8+ Kc7 48. Rxe7 d3 49. Qe8 Qb6+ 50. R1e3 Rxe7 51. Qxe7+ Kc6 52. Qe8+ Kb7 53. Qd7+ Ka6 54. Qa4+ Rxa4 0-1

[Event "Werden op"]
[Site "Essen"]
[Date "2005.06.03"]
[Round "3"]
[White "Schaefer, Michael2222"]
[Black "Zannoni, Rudolf"]
[Result "1/2-1/2"]
[WhiteElo "1673"]
[BlackElo "1232"]
[PlyCount "43"]
[EventDate "2005.05.20"]
[EventType "swiss"]
[EventRounds "7"]
[EventCountry "GER"]
[SourceTitle "EXT 2007"]
[Source "ChessBase"]
[SourceDate "2006.11.23"]
[SourceVersion "1"]
[SourceVersionDate "2006.11.23"]
[SourceQuality "1"]

1. e4 e6 2. d4 d5 3. Nc3 c5 4. exd5 exd5 5. dxc5 d4 6. Bb5+ Nc6 7. Bxc6+ bxc6 8. Qf3 dxc3 9. b4 Qf6 10. Bf4 g5 11. Qe4+ Ne7 12. Be5 Qe6 13. Rd1 Nd5 14. Nf3 f6 15. b5 Bb7 16. bxc6 Bxc6 17. Nd4 Qxe5 18. Qxe5+ fxe5 19. Nxc6 Nc7 20. Nxe5 Bxc5 21. 0-0 Ke7 22. Rd7+ 1/2-1/2

[Event "Essen Werden op"]
[Site "Essen"]
[Date "2004.06.11"]
[Round "2"]
[White "Zannoni, Rudolf"]
[Black "Schumacher, Peter"]
[Result "0-1"]
[WhiteElo "1212"]
[BlackElo "1385"]
[PlyCount "139"]
[EventDate "2004.06.04"]
[EventType "swiss"]
[EventRounds "7"]
[EventCountry "GER"]
[SourceTitle "EXT 2007"]
[Source "ChessBase"]
[SourceDate "2006.11.23"]
[SourceVersion "1"]
[SourceVersionDate "2006.11.23"]
[SourceQuality "1"]

1. e4 d5 2. exd5 Qxd5 3. Nc3 Qd6 4. d4 Nf6 5. g3 a6 6. Bg2 Nc6 7. Nge2 Bf5 8. a3 0-0-0 9. Bf4 e5 10. dxe5 Qe6 11. Qc1 Nxe5 12. b4 Nc4 13. 0-0 Bd6 14. Nd4 Qd7 15. Bxd6 Nxd6 16. Nxf5 Nxf5 17. Ne4 Nxe4 18. Bxe4 g6 19. Qf4 Nd4 20. Rfe1 f5 21. Bg2 Nxc2 22. Red1 Qe7 23. Qf3 c6 24. Ra2 Ne1 25. Rxd8+ Rxd8 26. Qc3 Nxg2 27. Kxg2 Qd7 28. Qc5 Qd5+ 29. Qxd5 Rxd5 30. Kf3 Kd7 31. h3 b5 32. Ke3 Kd6 33. Kf4 h6 34. h4 Rd4+ 35. Ke3 Kd5 36. Rc2 Rc4 37. Rd2+ Ke5 38. Ke2 c5 39. bxc5 Rxc5 40. Rb2 Kd4 41. Kd2 a5 42. Rb3 Kd5 43. Rd3+ Kc6 44. Re3 Rd5+ 45. Kc3 Kc5 46. Kb3 a4+ 47. Kc2 b4 48. f3 b3+ 49. Kc3 Kd6 50. Re8 Rc5+ 51. Kb2 Rc2+ 52. Kb1 Ra2 53. Ra8 Rxa3 54. Ra6+ Ke5 55. Rxg6 Ra2 56. Rxh6 a3 57. Ra6 Rf2 58. f4+ Ke4 59. Rxa3 Rf3 60. Kb2 Rxg3 61. Rxb3 Rxb3+ 62. Kxb3 Kxf4 63. h5 Kg5 64. Kc3 Kxh5 65. Kd3 Kg4 66. Ke2 f4 67. Kf2 f3 68. Kg1 Kg3 69. Kh1 Kf2 70. Kh2 0-1